Loading...
| Current Events | 3 | 16.67 | 100% | 67% | 0% |
| Fine Arts - Classical Music | 5 | 14.00 | 100% | 40% | 0% |
| Fine Arts - Other | 5 | 18.00 | 100% | 60% | 20% |
| Fine Arts - Painting and Sculpture | 4 | 15.00 | 75% | 75% | 0% |
| Geography | 2 | 20.00 | 100% | 100% | 0% |
| History - American | 2 | 10.00 | 100% | 0% | 0% |
| History - European | 4 | 20.00 | 100% | 100% | 0% |
| History - Other | 8 | 13.75 | 100% | 38% | 0% |
| History - World | 5 | 18.00 | 100% | 80% | 0% |
| Literature - American | 4 | 20.00 | 100% | 75% | 25% |
| Literature - British | 3 | 16.67 | 67% | 67% | 33% |
| Literature - European | 7 | 18.57 | 100% | 86% | 0% |
| Literature - World | 5 | 14.00 | 100% | 40% | 0% |
| Mythology | 3 | 20.00 | 100% | 100% | 0% |
| Philosophy | 3 | 16.67 | 100% | 67% | 0% |
| Popular Culture | 5 | 18.00 | 100% | 60% | 20% |
| Religion | 6 | 21.67 | 100% | 83% | 33% |
| Science - Biology | 3 | 23.33 | 100% | 100% | 33% |
| Science - Chemistry | 6 | 10.00 | 83% | 17% | 0% |
| Science - Other | 3 | 10.00 | 100% | 0% | 0% |
| Science - Physics | 8 | 8.75 | 88% | 0% | 0% |
| Social Science | 3 | 26.67 | 100% | 100% | 67% |